| 000 | 00874nas a2200277 4500 | ||
|---|---|---|---|
| 001 | BR7901051 | ||
| 003 | BR-BrBNA | ||
| 005 | 20231205083641.0 | ||
| 007 | ta | ||
| 008 | 230509b bl.|||p| |||| 00| 00por d | ||
| 040 |
_aBR-BrBNA _bpor _cBiblioteca Nacional de Agricultura |
||
| 041 | _a(Pt) | ||
| 072 | _aQ20 | ||
| 100 | 1 | _aDelazari, I. | |
| 100 | 1 | _aFreitas Leitao, M.F. de | |
| 100 | 1 | _aGeraldini, A.M. | |
| 100 | 1 | _aEiroa, M.N.U. | |
| 245 | 1 | _aBacillus cereus em alimentos desidratados [bacteria patogenica] | |
| 650 | _aMICROBIOLOGIA DE ALIMENTO | ||
| 650 | _aTOXICOLOGIA DE ALIMENTO | ||
| 650 | _aALIMENTO DESIDRATADO | ||
| 650 | _aBACTERIA PATOGENICA | ||
| 773 | 0 |
_tBoletim do Instituto de Tecnologia de Alimentos (Brazil) _xISSN 0366-0281 _g(Nov 1978), (no. 60) p. 31-40 _wBR7901051 |
|
| 909 |
_a202311 _bLúcia _c55 _dLúcia Elande |
||
| 942 |
_2AGRIS _n0 _cANA |
||
| 999 |
_c100320 _d100320 |
||